Biblioteca "Ernesto Sabato"
Facultad de Derecho y Ciencias Sociales
Facultad de Lenguas
Universidad Nacional del Comahue

The russian declemsion : an illustration of the theory of distributed morphology (Record no. 10793)

MARC details
000 -CABECERA
campo de control de longitud fija 00609caa a22001692a 4500
001 - NÚMERO DE CONTROL
campo de control 004971
003 - IDENTIFICADOR DEL NÚMERO DE CONTROL
campo de control AR-FADEU
008 - DATOS DE LONGITUD FIJA--INFORMACIÓN GENERAL
campo de control de longitud fija 311216n########xxu####################dd
092 ## - ASIGNACIÓN LOCAL DE SIGNATURA TOPOGRÁFICA DEWEY (OCLC)
Número de clasificación 414
Número de documento/Ítem C689p
100 ## - ENTRADA PRINCIPAL--NOMBRE DE PERSONA
Nombre de persona Halle, Morris
245 ## - MENCIÓN DE TÍTULO
Título The russian declemsion : an illustration of the theory of distributed morphology
300 ## - DESCRIPCIÓN FÍSICA
Extensión PP. 29-60
500 ## - NOTA GENERAL
Nota general En: Perspectives in phonology /ed. Jennifer Cole. Stanford : CSLI publications, 1994
546 ## - NOTA DE LENGUA/LENGUAJE
Nota de lengua/lenguaje Inglés
773 0# - ENLACE AL DOCUMENTO FUENTE/ENTRADA DE REGISTRO ANFITRIÓN
Número bibliográfico anfitrión 10791
Número de ítem anfitrión 9775
Encabezamiento principal Cole, Jennifer
Edición
Lugar, editor y fecha de publicación Stanford
Otro identificador del documento 02930
Título Perspectives in phonology
Número de control del registro ( AR-FADEU) 004969
Número Internacional Normalizado para Publicaciones Seriadas
Número Internacional Estándar del Libro 1-881526-54-2
942 ## - ELEMENTOS DE PUNTO DE ACCESO ADICIONAL (KOHA)
Tipo de ítem Koha BDGR

No items available.

Facultad de Derecho y Ciencias Sociales | Universidad Nacional del Comahue | Mendoza y Perú General Roca | Río Negro CP (8332) | Patagonia Argentina | Teléfono: 54-0298-4433670 | | Fax: 0298-4432093 | Fax alumnos: 0298-4435700